| 000 | 00535nam a2200205 a 4500 | ||
|---|---|---|---|
| 999 |
_c9033 _d9033 |
||
| 001 | 9033 | ||
| 003 | BD-JhCC | ||
| 005 | 20180524100450.0 | ||
| 008 | 180307s1374 |||| ||a| 000 0 ben d | ||
| 035 | _a(BD-JhCC)9033 | ||
| 040 |
_aBD-JhCC _dBD-JhCC |
||
| 041 | _aben | ||
| 082 |
_a920 _bIQB 1374 |
||
| 245 |
_aইকবাল : _b দেশ বিদেশ / |
||
| 260 |
_aঢাকা : _bইকবাল একাডেমী ; _c1374. |
||
| 300 |
_a281 p. : _c21 cm. |
||
| 650 | _abiography. | ||
| 942 |
_2lcc _cBK |
||